Regiony Francji - nagła śmierć - Statystyki

Ogólne statystyki
  • Ten quiz został rozwiązany 105 razy
  • Średni wynik to 5 z 13
Answers on the Grid
Answers color-coded by a green-red scale on the quiz's grid according to % correct below.
Bretania
Normandia
Nowa Akwitania
Kraj Loary
Grand Est
Burgundia-Franche-Comté
Île-de-France
Korsyka
Oksytania
Hauts-de-France
Owernia-Rodan-Alpy
Region Centralny-Dolina Loary
Prowansja-Alpy-Lazurowe Wybrzeże
Monako
Jersey
Walonia
Paryż
Alzacja-Lotaryngia
Szampania
Piemont-Lazurowe Wybrzeże
 
Statystyki odpowiedzi
Odpowiedź % Poprawnych
Korsyka
63%
Bretania
49%
Île-de-France
49%
Normandia
44%
Prowansja-Alpy-Lazurowe Wybrzeże
41%
Kraj Loary
37%
Oksytania
37%
Grand Est
34%
Region Centralny-Dolina Loary
34%
Burgundia-Franche-Comté
32%
Owernia-Rodan-Alpy
29%
Hauts-de-France
22%
Nowa Akwitania
17%
Nie znaleziono quizów pasujących do podanych kryteriów
Rozkład punktacji
Procent ludzi z każdym wynikiem
Percentyl według liczby udzielonych odpowiedzi
Twoja historia wyników
Nie rozwiązałeś tego quizu